Medición de las propiedades estructurales en la mampostería de bloques de concreto rellenos de 15x20x40 cm

Uloženo v:
Podrobná bibliografie
Hlavní autor: Rodríguez Hernández, Ricardo
Médium: Kniha
Vydáno: San José, C.R 1999
Témata:
Tagy: Přidat tag
Žádné tagy, Buďte první, kdo vytvoří štítek k tomuto záznamu!

MARC

LEADER 00000nam a2200000Ia 4500
003 008453
005 20221231144212.0
008 140114s1999 cr a m 000 ||s d
040 |c cru CEDI 
090 |a TFG 4074 
100 |a Rodríguez Hernández, Ricardo  |9 8402 
245 |a Medición de las propiedades estructurales en la mampostería de bloques de concreto rellenos de 15x20x40 cm  
260 |c 1999  |a  San José, C.R 
300 |a  xiv, 143 hojas : ilustraciones  
500 |a  Tesis (licenciatura en ingeniería civil)--Universidad de Costa Rica. Facultad de Ingeniería. Escuela de Ingeniería Civil 
650 |x MAMPOSTERIA   |x  BLOQUES DE HORMIGON   |x RESISTENCIA DE MATERIALES   |x ARGAMASA  |9 8403 
942 |c TFG 
999 |c 18374  |d 18374